| 000 | 00412nam a2200181Ia 4500 | ||
|---|---|---|---|
| 003 | 0100 | ||
| 008 | 130303s9999 xx 000 0 und d | ||
| 040 | _cARRUPELIB | ||
| 050 | _aBR115.J8K361994 | ||
| 100 | _aKammer, Fred | ||
| 245 | _aSalted with Fire | ||
| 245 | _bSpirituality for the Faithjustice Journey | ||
| 260 | _aNY | ||
| 260 | _bPaulist Press | ||
| 260 | _C1994 | ||
| 300 | _a149p | ||
| 942 | 0 | 0 | _01 |
| 999 |
_c10824 _d10824 |
||